Statistics for Countries with Most Covid-19 Cases this Week

Click here to take the quiz!

General Stats

  • This quiz has been taken 21 times
  • The average score is 16 of 22

Answer Stats

country% Correct
France
100%
Germany
100%
United Kingdom
100%
United States
100%
India
95%
Italy
90%
Russia
90%
Brazil
86%
Poland
86%
Iran
81%
Mexico
81%
Turkey
71%
Ukraine
71%
Netherlands
67%
Austria
62%
Belgium
57%
Romania
57%
Czechia
52%
Hungary
48%
Bulgaria
38%
Philippines
29%
Vietnam
24%

Score Distribution

Percentile by Number Answered

Percent of People with Each Score

Your Score History

You have not taken this quiz